Library Catalog

Bodies / (Record no. 492721)

MARC details
000 -LEADER
fixed length control field 00965nam a22002177a 4500
003 - CONTROL NUMBER IDENTIFIER
control field OSt
005 - DATE AND TIME OF LATEST TRANSACTION
control field 20260512144912.0
008 - FIXED-LENGTH DATA ELEMENTS--GENERAL INFORMATION
fixed length control field 260512b |||||||| |||| 00| 0 eng d
020 ## - INTERNATIONAL STANDARD BOOK NUMBER
International Standard Book Number 9781399807203
040 ## - CATALOGING SOURCE
Original cataloging agency Kenya National Library Service
082 ## - DEWEY DECIMAL CLASSIFICATION NUMBER
Classification number 823.92 FOL
100 ## - MAIN ENTRY--PERSONAL NAME
Personal name Foley, Christine Anne
245 ## - TITLE STATEMENT
Title Bodies /
Statement of responsibility, etc. Christine Anne Foley.
300 ## - PHYSICAL DESCRIPTION
Extent 204 pages ;
Dimensions 22 cm
520 ## - SUMMARY, ETC.
Summary, etc. Bodies follows Charlotte Murphy, a young Irish woman navigating adolescence, college life, and adulthood through a series of intense and often toxic relationships. As Charlotte moves from one man to another, Johnny, Dave, Kyle, Adam, and eventually someone referred to only as “You”, she struggles with loneliness, grief, desire, and questions about identity and control.
650 ## - SUBJECT ADDED ENTRY--TOPICAL TERM
Topical term or geographic name entry element Young women -- Fiction
650 ## - SUBJECT ADDED ENTRY--TOPICAL TERM
Topical term or geographic name entry element Interpersonal relations -- Fiction
942 ## - ADDED ENTRY ELEMENTS (KOHA)
Source of classification or shelving scheme Dewey Decimal Classification
Koha item type Books
Suppress in OPAC No
Holdings
Withdrawn status Source of classification or shelving scheme Damaged status Not for loan Home library Current library Date acquired Source of acquisition Cost, normal purchase price Total checkouts Full call number Barcode Date last seen Price effective from Koha item type
  Dewey Decimal Classification     Buru Buru Library Acquisition, Cataloguing, Classification and Distribution Development 05/12/2026 BAI 2124.00   823.92 FOL B237397 05/12/2026 05/12/2026 Books

© 2025, Kenya National Library Service | Designed & Maintained by Uvumbuzi Center